| 000 | 00698cab a2200217 4500 | ||
|---|---|---|---|
| 001 | ABS44971 | ||
| 008 | 090401t1991 xxu||||| |||| 00| 0 eng d | ||
| 035 | _a(Sirsi) u50118 | ||
| 041 | _aeng | ||
| 100 | _aParry, M. | ||
| 245 | _aPreparing for climatic change | ||
| 260 | _c1991 | ||
| 350 | _a0 | ||
| 490 |
_aTown & Country Planning _v60(6) June 1991, 184-136 (3) |
||
| 520 | _aUsing research on climate change by the Intergovernmental Panel on Climate Change, assesses the effects of predicted changes on planning, land use and building design. | ||
| 650 | _aGLOBAL WARMING | ||
| 690 | _aENVIRONMENTAL AND LAND CONSULTANCY | ||
| 700 | _aParry, C. | ||
| 942 | _n0 | ||
| 948 | _c04/03/1997 | ||
| 999 |
_c31308 _d31308 |
||